Desarrollo de un proyecto urbanístico : diseño, administración, construcción : caso particular Urbanización Amaranto, Heredia
Zapisane w:
| 1. autor: | |
|---|---|
| Kolejni autorzy: | |
| Format: | Książka |
| Wydane: |
[San José, Costa Rica]
2005
|
| Hasła przedmiotowe: | |
| Etykiety: |
Dodaj etykietę
Nie ma etykietki, Dołącz pierwszą etykiete!
|
MARC
| LEADER | 00000nam a2200000Ia 4500 | ||
|---|---|---|---|
| 003 | 009567 | ||
| 005 | 20240321104359.0 | ||
| 008 | 140114s2005 cr a m 000 ||s d | ||
| 040 | |c cru CEDI | ||
| 090 | |a TFG 5107 | ||
| 100 | |a Valverde Suárez, Fabián, 1973- |9 2741 | ||
| 245 | |a Desarrollo de un proyecto urbanístico : diseño, administración, construcción : caso particular Urbanización Amaranto, Heredia | ||
| 260 | |a [San José, Costa Rica] |c 2005 | ||
| 300 | |a 141, [53] hojas : ilustraciones (algunas a color), fotografías color | ||
| 500 | |a Proyecto de graduación (licenciatura en ingeniería civil)--Universidad de Costa Rica. Facultad de Ingeniería. Escuela de Ingeniería Civil | ||
| 501 | |a Director del Proyecto de Graduación: Ing. Roberto Fernández Morales, M.Eng. C.E; M.B.A. | ||
| 610 | 0 | |a URBANIZACION AMARANTO (HEREDIA, COSTA RICA) |9 2742 | |
| 650 | |x URBANISMO- ADMINISTRACION |x PROYECTOS DE CONSTRUCCION - DISEÑO Y CONSTRUCCION |x INDUSTRIA DE LA CONSTRUCCION |x ANALISIS DE COSTOS |9 5926 | ||
| 700 | |a Fernández Morales, Roberto |d Director del TFG |9 737 | ||
| 942 | |c TFG |h TFG 5107 |i 009567 |6 TFG_5107_009567000000000 | ||
| 999 | |c 17316 |d 17316 | ||
